Guess the Nirvana Songs - Statistics

General Stats
  • This quiz has been taken 508 times
  • The average score is 9 of 15
Answer Stats
Hint Answer % Correct
Load up on guns, bring your friends Smells like Teen Spirit
98%
She eyes me like a pisces when I am weak Heart-Shaped Box
84%
We ave some seed. Let me clip, your dirty wing Polly
80%
One baby to another says I'm lucky to have met you Drain You
78%
Sell the kids for food In Bloom
69%
It's okay to eat fish cause they don't have any feelings Something in the way
67%
My girl, My girl, don't lie to me Where did you Sleep Last Night
67%
We could plant a house, we could build a tree Breed
61%
I thought you died alone, a long long time ago The Man Who Sold the World
51%
Where the bad folks go and they die, they don't go to heaven where the angels fly Lake of fire
49%
Would you believe me when I tell you, you're the queen of my heart Love Buzz
47%
She keeps it pumpin' strait in my heart Aneurysm
44%
Don't tell me what i wanna hear. Afraid of never knowing fear Lounge Act
37%
She said, she'd take me anywhere Mollys lips
37%
Its so relieving to know that you're leaving as soon as you get paid Frances Farmer will have her revenge on seattle
30%
No matching quizzes found
Score Distribution
Percent of People with Each Score
Percentile by Number Answered
Your Score History
You have not taken this quiz